Statistics for Victoria 3 Great and Major Powers

Click here to take the quiz!

General Stats

  • This quiz has been taken 102 times
  • The average score is 13 of 15

Answer Stats

TierRankAnswer% Correct
Great Power2France
100%
Great Power1Great Britain
100%
Great Power6United States of America
100%
Great Power4Austria
98%
Major Power12Great Qing
98%
Great Power5Prussia
98%
Great Power3Russia
98%
Major Power9Ottoman Empire
94%
Major Power8Spain
94%
Major Power15Japanese Shogunate
92%
Major Power10Netherlands
82%
Major Power7East India Company
72%
Major Power13Egypt
64%
Major Power11Two Sicilies
58%
Major Power14Sikh Empire
22%

Score Distribution

Percentile by Number Answered

Percent of People with Each Score

Your Score History

You have not taken this quiz